| 000 | 01630nam a22004330a 4500 | ||
|---|---|---|---|
| 001 | PT14897 | ||
| 003 | AR-LpoUNG | ||
| 005 | 20210516202705.0 | ||
| 008 | 191001s2000||||ag |||||||||||||||||spa d | ||
| 040 |
_aAR-LpoUNG _bspa _cAR-LpoUNG _eaacr |
||
| 041 | _aspa | ||
| 044 | _aag | ||
| 082 | 0 | _a306.01 678sos | |
| 111 | 2 | _aCongreso Regional de la Cultura, 1, San Miguel, 2000 | |
| 245 | 1 | 0 | _aSosteniendo juntos |
| 260 |
_aBuenos Aires : _bSOFOVIAL, _c2000. |
||
| 505 | 0 | _aPrograma de Desarrollo Local | |
| 520 | _a<p>Documental sobre un proyecto de capacitación y producción. La Prof. Juana Torrellardona desarrolla en un barrio periférico del partido de Moreno una propuesta alternativa, potenciando las posibilidades de cambio en un grupo de mujeres con la herramienta del trabajo, la creatividad y el creer en sí mismas.</p> | ||
| 650 | 4 | _aACUERDOS CULTURALES | |
| 650 | 4 | _aARTE | |
| 650 | 4 | _aCULTURA POPULAR | |
| 650 | 4 | _aCULTURA TRADICIONAL | |
| 650 | 4 | _aDERECHO A LA CULTURA | |
| 650 | 4 | _aDESARROLLO CULTURAL | |
| 650 | 4 | _aDIFUSION DE LA CULTURA | |
| 650 | 4 | _aFACTORES CULTURALES | |
| 650 | 4 | _aIDENTIDAD CULTURAL | |
| 650 | 4 | _aPOLITICA CULTURAL | |
| 650 | 4 | _aSOCIEDAD | |
| 650 | 4 | _aSOFOVIAL | |
| 653 | _aDOCUMENTALES | ||
| 653 | _aVIDEOS | ||
| 710 | 2 | _aSociedad de Fomento del Video Alternativo (Buenos Aires) | |
| 710 | 2 | _aSociedad de Fomento del Video Alternativo (Buenos Aires) | |
| 710 | 2 | _aUniversidad Nacional de General Sarmiento. Instituto de Conurbano | |
| 710 | 2 | _aUniversidad Nacional de General Sarmiento. Instituto del Conurbano | |
| 905 | _a14897 | ||
| 942 | _cVIDEO | ||
| 999 |
_c54198 _d54198 |
||